| 000 | 00450 a2200157 4500 | ||
|---|---|---|---|
| 082 | _a347.95951 | ||
| 090 |
_c1060 _d1060 |
||
| 100 | _aJan Mohammad Dawood | ||
| 245 |
_aThe Role of Superior Judiciary in The Politics of Pakistan _cJan Mohammad Dawood |
||
| 260 |
_aKarachi _bYoyal Book Company _c1994 |
||
| 300 | _a150 | ||
| 500 | _aHard Cover | ||
| 600 | _aJan Mohammad Dawood | ||
| 700 | _aJan Mohammad Dawood | ||
| 942 |
_aNBS _cBK _k347.95491 DAW |
||
| 999 |
_c343594 _d343594 |
||